aespa Songs Quiz - Statistics

General Stats
  • This quiz has been taken 247 times
    232 since last reset
  • The average score is 15 of 23
Answer Stats
Answer % Correct
Black Mamba
90%
Savage
89%
Spicy
89%
Girls
86%
Next Level
84%
Welcome To MY World
77%
Illusion
76%
Salty & Sweet
73%
aenergy
69%
Thirsty
69%
YEPPI YEPPI
69%
Dreams Come True
68%
Forever
65%
ICONIC
63%
I'm Unhappy
62%
ICU
61%
Lucid Dream
60%
Life's Too Short
59%
I'll Make You Cry
56%
Lingo
55%
'Til We Meet Again
47%
Hold On Tight
43%
Beautiful Christmas
27%
No matching quizzes found
Score Distribution
Percent of People with Each Score
Percentile by Number Answered
Your Score History
You have not taken this quiz since the last reset